Journal Of Agricultural Sciences and Rural Development,ទស្សនាវដ្ដី វិទ្យាសាស្រ្តកសិកម្ម និង អភិវឌ្ឍន៍ជនបទ (Record no. 25488)

000 -LEADER
fixed length control field 00484nam a22001217a 4500
040 ## - CATALOGING SOURCE
Transcribing agency RUA
082 ## - DEWEY DECIMAL CLASSIFICATION NUMBER
Classification number RUA NGO 2011 C051 Or.
100 ## - MAIN ENTRY--AUTHOR NAME
Personal name NGO BUNTHAN, ង៉ោ ប៊ុនថាន
245 ## - TITLE STATEMENT
Title Journal Of Agricultural Sciences and Rural Development,ទស្សនាវដ្ដី វិទ្យាសាស្រ្តកសិកម្ម និង អភិវឌ្ឍន៍ជនបទ
260 ## - PUBLICATION, DISTRIBUTION, ETC. (IMPRINT)
Place of publication PHNOM PENH
Name of publisher RUA
Year of publication 2011
300 ## - PHYSICAL DESCRIPTION
Number of Pages iv,80p,
Other physical details ill,
Dimensions 29cm,
942 ## - ADDED ENTRY ELEMENTS (KOHA)
Koha item type ទស្សនាវដ្តី
952 ## - LOCATION AND ITEM INFORMATION (KOHA)
Withdrawn status [LOCAL, KOHA] 0
952 ## - LOCATION AND ITEM INFORMATION (KOHA)
Withdrawn status [LOCAL, KOHA] 0
952 ## - LOCATION AND ITEM INFORMATION (KOHA)
Withdrawn status [LOCAL, KOHA] 0
Holdings
Permanent Location Date acquired Koha item type Lost status Shelving location Barcode Current Location Full call number
Library Block C2026-02-17ទស្សនាវដ្តី C051C034330Library Block CRUA NGO 2011 C051 Or.
Library Block C2026-02-17ទស្សនាវដ្តី C051C034527Library Block CRUA NGO 2011 C051 Or.
Library Block C2026-02-17ទស្សនាវដ្តី C051C034369Library Block CRUA NGO 2011 C051 Or.
មជ្ឈមណ្ឌលឯការនៃសាកលវិទ្យាល័យភូមិន្ទកសិកម្មចំការដូង

Powered by Koha